El escándalo del Padre Brown

Salvato in:
Dettagli Bibliografici
Autore principale: Chesterton, Gilbert Keith (Autore)
Natura: Libro
Lingua:spagnolo
Pubblicazione: Barcelona Tartessos 1942
Serie:Seis Delfines, 12
Soggetti:
Tags: Aggiungi Tag
Nessun Tag, puoi essere il primo ad aggiungerne!!

MARC

LEADER 00000nam a2200000 a 4500
001 UCZ4441
003 CL-VaPUC
008 951109e19420000SP |||||||||||||||||spa|d
082 0 4 |a 823  |b CHE  |2 21 
100 0 |a Chesterton, Gilbert Keith  |e author  |9 347361 
245 1 3 |a El escándalo del Padre Brown 
300 |a 222 p 
942 |c BK 
945 |d 19951109 00:00:00  |a rleighto 
260 |a Barcelona  |b Tartessos  |c 1942 
650 0 |a Novelas inglesas  |9 265220 
583 |a last modification  |c 19951109 00:00:00  |k Rodrigo Vera 
490 0 |a Seis Delfines, 12 
999 |c 240820  |d 240818 
952 |0 0  |1 0  |4 0  |6 823_000000000000000_CHE_1942  |7 0  |8 A  |9 252863  |a BIBEDU  |b BIBEDU  |d 2019-11-18  |i 3148181  |o 823 CHE 1942  |p 3148181  |r 2019-11-18  |w 2019-11-18  |y BK  |k LIT